[Event "Satka Autumn 2017"]
[Site "Satka"]
[Date "2017.09.13"]
[Round "2"]
[White "Mukhina, Jana"]
[Black "Sazonova, Anastasia"]
[Result "1/2-1/2"]
[WhiteElo "1923"]
[BlackElo "2155"]
[Annotator "TA"]
[PlyCount "123"]
[EventDate "2017.??.??"]
[EventType "swiss"]
[EventCountry "RUS"]
[SourceTitle "playchess.com"]
[Source "ChessBase"]
[SourceQuality "1"]

{[%evp 31,123,13,10,-3,0,0,0,0,76,76,108,85,73,85,88,90,91,23,23,25,37,30,18,22,10,16,256,138,181,41,57,44,44,36,193,191,141,-40,0,-142,-109,-93,-67,-284,-497,-485,-468,-462,-435,-815,-793,-776,-693,-776,-668,-1432,-1533,-1491,-1480,-1344,-1289,-1822,-1380,-7631,-3346,-29986,-1918,-1497,-1139,-29985,-29986,-29988,-29989,-29989,0,-29986,-29986,-29987,-29982,-29981,0,-29987,-29982,-2372,0,-29987,-29988,-29986,-29987,-29987,29981,29982,29982,29983]} 1. e4 c6 2. d4 d5 3. Nc3 dxe4 4. Nxe4 Bf5 5. Ng3 Bg6 6. h4 h6 7. Nf3 Nd7 8. h5 Bh7 9. Bd3 Bxd3 10. Qxd3 e6 11. Bd2 Ngf6 12. O-O-O Bd6 13. Ne4 Nxe4 14. Qxe4 Nf6 {B19: Classical Caro-Kann: 4...Bf5 main line} 15. Qe2 Bc7 16. Kb1 Qd5 {LiveBook: 12 Games. The position is equal.} 17. Ka1 {[#]} (17. c4 Qe4+ 18. Qxe4 Nxe4 19. Be3 f5 20. Kc2 f4 21. Kd3 fxe3 22. Kxe4 exf2 {½-½ (94) Perez Ponsa,F (2586)-Andreikin,D (2743) ICC INT 2016}) 17... O-O $146 ({Find the theoretical novelty and annotate with similar games:} 17... a5 18. c4 Qe4 19. Qxe4 Nxe4 20. Be3 f5 21. d5 e5 22. Rhe1 {0-1 (36) Petrik,T (2474)-Landa,K (2625) Czech Republic 2016}) 18. c4 Qe4 19. Be3 b5 (19... Ng4 $11 {remains equal.}) 20. Rh4 $16 Qf5 21. g4 Nxg4 22. Rg1 Nxe3 23. fxe3 Kh8 24. e4 (24. Qg2 $16 {[%csl Gg1][%cal Rg2g7]} Qh7 25. Nd2) 24... Qf6 $11 25. e5 Qf5 26. Rhg4 Rg8 {White should prevent ...bxc4.} 27. Nh4 Qxh5 28. Rh1 $36 {[%mdl 2048] [#] White is more active.} g5 $2 (28... c5 $1 $11) 29. Qd1 (29. Qf3 $1 $18 {Strongly threatening Nf5.} Kh7 30. Nf5 Qxh1+ 31. Qxh1 exf5 32. Qb1) 29... Kh7 $16 {[#]} 30. Nf5 $1 {[%mdl 512]} Qxh1 $1 $14 (30... exf5 31. Rxh5) 31. Qxh1 {[%csl Gf5][%cal Rh1h6]} exf5 32. Qb1 Rg6 $2 (32... Kg6 $14) 33. Qxf5 $18 Kg7 34. d5 $2 ({White should try} 34. cxb5 $16 {Threatens to win with Qd7.} Rd8 35. Qc2) 34... Re8 35. Re4 (35. Qd7 $11 {keeps the balance.} Rxe5 36. a4) 35... Rxe5 36. Rxe5 Rf6 37. Kb1 $2 ({White must play} 37. Qd3 $1 $15 Bxe5 38. a4) 37... Rxf5 $19 38. Rxf5 {[%mdl 4096] Endgame KR-KB} Kg6 39. Rf1 cxd5 40. c5 (40. cxd5 $142 g4 41. Kc2) 40... g4 {[%cal Bg5g4,Bg4g3][%mdl 32]} 41. Kc2 f5 {[%cal Bf7f5,Bf5f4,Bf4f3][%mdl 32]} 42. Rd1 g3 43. Rxd5 f4 44. Rd1 Kf5 45. Kd3 h5 46. Ke2 Ke4 47. Rd7 f3+ 48. Kf1 Bf4 (48... Be5 $142 49. c6 h4 50. a4 h3 51. Ke1 h2 52. Rh7 g2 53. Kd2 h1=Q 54. Re7 g1=Q 55. Rxe5+ Kxe5 56. Kc3 Qd4+ 57. Kb3 Qhd1+ 58. Ka3 Q4xa4#) 49. Re7+ Kd5 50. b4 h4 51. Rd7+ Ke4 52. Re7+ Kd5 53. Rd7+ Kc4 54. Re7 Kd4 55. Rd7+ Kc4 56. Re7 $1 {[%cal Re7e4] Re4+ is the strong threat.} Kd3 57. Rd7+ Kc4 (57... Kc3 $19 58. Rxa7 g2+ 59. Kf2 Be3+ $1 {[%mdl 512]} 60. Kxe3 g1=Q+ 61. Kxf3 Kxb4) 58. Re7 $1 {[%cal Re7e4]} h3 59. Re4+ Kd3 60. Rxf4 {[#]} h2 $4 {[%mdl 8192]} (60... Ke3 $1 61. Rf6 h2 62. Re6+ Kf4 63. Rf6+ Ke4 64. Re6+ Kf5 65. Rh6 g2+ 66. Kf2 h1=Q 67. Rxh1 gxh1=Q 68. Ke3 Qd1 69. c6 Ke5 70. Kf2 Kf4 71. c7 Qe2+ 72. Kg1 Qg2#) 61. Rxf3+ Ke4 62. Kg2 {[%mdl 32768] Precision: White = 32%, Black = 55%. . An unexpected result.} 1/2-1/2

[Event "Satka Autumn 2017"]
[Site "Satka"]
[Date "2017.09.13"]
[Round "2"]
[White "Nasybullina, Dayana"]
[Black "Trapeznikova, Darya"]
[Result "0-1"]
[WhiteElo "1724"]
[BlackElo "2101"]
[Annotator "RC"]
[PlyCount "110"]
[EventDate "2017.??.??"]
[EventType "swiss"]
[EventCountry "RUS"]
[SourceTitle "playchess.com"]
[Source "ChessBase"]
[SourceQuality "1"]
[TimeControl "5400+30"]

1. Nf3 {[%emt 0:00:00]} d5 {[%emt 0:00:53]} 2. g3 {[%emt 0:00:00]} c6 {[%emt 0:00:58]} 3. Bg2 {[%emt 0:00:23]} Nf6 {[%emt 0:00:16]} 4. O-O {[%emt 0:01:02]} Bf5 {[%emt 0:00:35]} 5. d3 {[%emt 0:00:46]} h6 {[%emt 0:00:24]} 6. Nbd2 {[%emt 0:01:53]} Nbd7 {[%emt 0:10:02]} 7. Re1 {[%emt 0:01:20]} e5 {[%emt 0:00:16]} 8. e4 {[%emt 0:01:36]} dxe4 {[%emt 0:00:11]} 9. dxe4 {[%emt 0:03:39]} Be6 {[%emt 0:07:13]} 10. b3 {[%emt 0:08:19]} Qc7 {[%emt 0:03:39]} 11. Bb2 {[%emt 0:01:18]} Bc5 {[%emt 0:01:40]} 12. Qe2 {[%emt 0:03:43]} O-O {[%emt 0:03:24]} 13. Nc4 {[%emt 0:02:15]} Ng4 {[%emt 0:01:07]} 14. Rf1 {[%emt 0:04:11]} b5 {[%emt 0:07:39]} 15. Ncd2 {[%emt 0:02:19]} a5 {[%emt 0:10:17]} 16. h3 {[%emt 0:03:28]} Ngf6 {[%emt 0:00:30]} 17. c4 {[%emt 0:01:16]} b4 {[%emt 0:01:40]} 18. Rfd1 {[%emt 0:10:35]} Bd6 {[%emt 0:02:12]} 19. Ne1 {[%emt 0:05:28]} Nc5 {[%emt 0:05:10]} 20. Nd3 {[%emt 0:00:21]} Nfd7 {[%emt 0:01:11]} 21. Nf3 {[%emt 0:01:21]} f6 {[%emt 0:06:15]} 22. Nfe1 {[%emt 0:05:12]} Rfd8 {[%emt 0:02:21]} 23. Nxc5 {[%emt 0:00:15]} Nxc5 {[%emt 0:00:15]} 24. Nd3 {[%emt 0:00:41]} a4 {[%emt 0:08:19]} 25. Nxc5 {[%emt 0:02:26]} Bxc5 {[%emt 0:00:06]} 26. Rxd8+ {[%emt 0:02:08]} Rxd8 {[%emt 0:01:32]} 27. bxa4 {[%emt 0:11:08]} Qd7 {[%emt 0:04:19]} 28. Bf3 {[%emt 0:03:58]} Kh7 {[%emt 0:04:23]} 29. Bg4 {[%emt 0:15:26]} Bxg4 {[%emt 0:00:19]} 30. hxg4 {[%emt 0:00:06]} Qa7 {[%emt 0:05:27]} 31. Qc2 {[%emt 0:01:24]} Ra8 {[%emt 0:01:27]} 32. a3 {[%emt 0:02:40]} Qxa4 {[%emt 0:00:15]} 33. Qxa4 {[%emt 0:01:11]} Rxa4 {[%emt 0:00:03]} 34. axb4 {[%emt 0:01:55]} Rxb4 {[%emt 0:00:03]} 35. Ba3 {[%emt 0:00:35]} Rxc4 {[%emt 0:00:07]} 36. Bxc5 {[%emt 0:00:04]} Rxc5 {[%emt 0:00:02]} 37. Kg2 {[%emt 0:00:26]} Rc3 {[%emt 0:00:45]} 38. Ra7 {[%emt 0:00:19]} Kg6 {[%emt 0:02:28]} 39. Rb7 {[%emt 0:01:58]} c5 {[%emt 0:00:19]} 40. Rd7 {[%emt 0:00:22]} Kh7 {[%emt 0:00:59]} 41. Ra7 {[%emt 0:01:08]} Rc1 {[%emt 0:02:00]} 42. Kf3 {[%emt 0:00:23]} Kg8 {[%emt 0:01:04]} 43. Ra8+ {[%emt 0:00:32]} Kf7 {[%emt 0:00:05]} 44. Ra7+ {[%emt 0:00:07]} Kg6 {[%emt 0:03:10]} 45. Ke2 {[%emt 0:01:23]} Rc2+ {[%emt 0:00:59]} 46. Ke3 {[%emt 0:00:33]} c4 {[%emt 0:00:31]} 47. Rb7 {[%emt 0:00:57]} c3 {[%emt 0:02:29]} 48. Rd7 {[%emt 0:00:56]} Rc1 {[%emt 0:00:17]} 49. Rc7 {[%emt 0:00:07]} c2 {[%emt 0:00:17]} 50. Ke2 {[%emt 0:00:20]} h5 {[%emt 0:00:44]} 51. gxh5+ {[%emt 0:00:49]} Kxh5 {[%emt 0:00:05]} 52. f4 {[%emt 0:00:37]} Rh1 {[%emt 0:00:51]} 53. Rxc2 {[%emt 0:00:10]} Rh2+ {[%emt 0:00:02]} 54. Kd3 {[%emt 0:00:31]} Rxc2 {[%emt 0:00:05]} 55. Kxc2 {[%emt 0:00:05]} Kg4 {[%emt 0:00:01]} 0-1

[Event "Satka Autumn 2017"]
[Site "Satka"]
[Date "2017.09.13"]
[Round "2"]
[White "Skobochkina, Maria"]
[Black "Semenova, Elena"]
[Result "0-1"]
[WhiteElo "1133"]
[BlackElo "2284"]
[Annotator "TA"]
[PlyCount "74"]
[EventDate "2017.??.??"]
[EventType "swiss"]
[EventCountry "RUS"]
[SourceTitle "playchess.com"]
[Source "ChessBase"]
[SourceQuality "1"]

{[%evp 18,73,52,16,10,18,72,40,114,40,109,18,34,-19,-21,-48,-35,-26,-26,-42,-35,-62,-52,-83,-79,-124,-88,-212,-197,-288,-286,-268,-292,-289,-289,-285,-235,-236,-227,-918,-910,-882,-866,-1019,-999,-1238,-1238,-1238,-1238,-1236,-1234,-1161,-1057,-29981,-29982,-29998,-29999,-29999]} 1. e4 d6 2. d4 g6 3. Nf3 Bg7 4. Be3 Nf6 5. Nc3 O-O 6. Be2 c6 7. a4 Qc7 8. O-O e5 9. h3 Nbd7 10. Qd2 {LiveBook: 13 Games} exd4 {B08: Pirc Defence: Classical System} 11. Bxd4 (11. Nxd4 Nc5 12. f3 Nh5 13. Rfd1 f5 14. Bc4+ Kh8 15. b4 fxe4 16. bxc5 dxc5 17. Nxe4 cxd4 18. Bxd4 {½-½ (49) Fieberg,S (2239)-Fridman,D (2594) Neustadt an der Weinstrasse 2017}) 11... Ne5 $146 (11... Re8 $11) ({Predecessor:} 11... Re8 12. Bc4 Ne5 13. Nxe5 dxe5 14. Bc5 Be6 15. Bxe6 Rxe6 16. Rfd1 Bf8 17. Qe3 Nd7 18. Bxf8 Nxf8 {½-½ (45) De Val,D (2237)-Srebrnic,M (2323) Nova Gorica 2009}) 12. Rad1 Nfd7 ({Black should try} 12... Qa5 $14) 13. Rfe1 ({Better is} 13. Nh2 $16) 13... Re8 (13... Qa5 $14) 14. b3 ({White should play} 14. Nh2 $16) 14... Nf8 {[%cal Bd7f8,Bf8e6,Be6d4][%mdl 32]} 15. Bxe5 (15. Be3 $14) 15... dxe5 $11 16. Bc4 Be6 17. Bxe6 Nxe6 18. Qd7 Qb6 19. Qd2 Rad8 20. Qe3 Nd4 21. Rc1 Bf8 $36 {[%cal Bg7f8,Bf8c5,Bc5a3][%mdl 2080] Black has strong initiative.} 22. Red1 {[#]} (22. Nb1 $17 {is a better defense.}) 22... Bc5 $1 $19 {And now ...Nxb3 would win.} 23. Qe1 (23. Nb1 $142) 23... Ba3 24. Rb1 Nxf3+ ({Much less strong is} 24... Nxc2 25. Qf1 $17) 25. gxf3 Bb4 26. Rbc1 Rd4 {[#] Strongly threatening ...Red8.} 27. Qe3 Red8 28. Rxd4 $2 (28. Rf1) 28... exd4 ({Weaker is} 28... Qxd4 29. Rd1 $11) 29. Qg5 dxc3 30. Qg3 Bc5 31. f4 Rd2 {[%cal Rc5f2]} 32. Qxc3 Rxf2 {( -> ...Rf3+)} 33. Kh1 Bd4 34. Qd3 Be3 35. Re1 Bxf4 {[%csl Gf4][%cal Rf2h2] Black mates.} 36. Re2 Rf1+ 37. Kg2 Qg1# {Precision: White = 19%, Black = 65%.} 0-1

[Event "Satka Autumn 2017"]
[Site "Satka"]
[Date "2017.09.14"]
[Round "3"]
[White "Charochkina, Daria"]
[Black "Maletina, Tatiana"]
[Result "1-0"]
[WhiteElo "2339"]
[BlackElo "2241"]
[Annotator "TA"]
[PlyCount "67"]
[EventDate "2017.??.??"]
[EventType "swiss"]
[EventCountry "RUS"]
[SourceTitle "playchess.com"]
[Source "ChessBase"]
[SourceQuality "1"]

{[%evp 15,67,37,53,29,93,76,89,85,122,94,99,97,90,93,85,87,81,89,102,110,98,83,139,141,118,138,514,507,29982,29983,29979,29980,29991,236,29992,29993,29993,29973,29965,6125,2471,2191,1562,1556,3631,3512,29985,29986,29991,29992,29992,29991,29991,29987]} 1. c4 c6 2. d4 d5 3. Nc3 Nf6 4. Nf3 a6 5. c5 Bf5 6. Qb3 Qc8 7. Bf4 Nbd7 {D15: Slav Defence: 4 Nc3 a6 and gambit lines after 4 Nc3 dxc4} 8. h3 g6 {LiveBook: 6 Games} (8... e6 9. e3 Be7 10. Nh4 Be4 11. Be2 h6 12. Nf3 Bh7 13. O-O O-O 14. Na4 Bd8 15. Ne5 {1-0 (70) Nakamura,H (2760)-Kamsky,G (2762) Beijing 2012}) 9. Rg1 $146 ({Find the theoretical novelty and annotate with similar games:} 9. e3 Bg7 10. Be2 O-O 11. Ne5 Nxe5 12. Bxe5 Nd7 13. Bxg7 Kxg7 14. g4 Be6 15. Qc2 {1-0 (48) Raykin,L (2608)-Mukherjee,A (2514) Russia 2004}) 9... Bg7 (9... h5 $11 {remains equal.}) 10. g4 $16 Be6 11. Ng5 Nf8 12. Be5 h6 13. Nxe6 Nxe6 14. O-O-O Nd7 15. Bxg7 Nxg7 16. e4 $36 {[%mdl 2048] Black is under strong pressure.} dxe4 17. Bc4 O-O 18. Nxe4 Qc7 ({Black should play} 18... b5) 19. Qe3 Kh7 20. h4 f5 $2 {[%mdl 8192] [#]} (20... b5 $16) 21. h5 $1 $18 {[%mdl 512]} fxe4 (21... Nxh5 $18 22. gxh5 fxe4 23. hxg6+ Kg7) (21... gxh5 22. g5) 22. hxg6+ Kxg6 23. Qxe4+ Kf6 24. g5+ ({Less strong is} 24. Bd3 e6 $16) 24... hxg5 {[#]} 25. Rxg5 $1 {[%csl Ge4][%cal Rg5g6][%mdl 512]} e6 (25... Kxg5 26. Rg1+) 26. Rg6+ Ke7 27. Rxg7+ Kd8 28. Qh4+ Kc8 29. Bxe6 Rd8 30. Bxd7+ Rxd7 31. Qg4 {White mates.} b6 32. Rh1 bxc5 33. Rh8+ Kb7 34. Rxd7 {Precision: White = 83%, Black = 40%.} 1-0

[Event "Satka Autumn 2017"]
[Site "Satka"]
[Date "2017.09.14"]
[Round "3"]
[White "Semenova, Elena"]
[Black "Kovanova, Baira"]
[Result "1/2-1/2"]
[WhiteElo "2284"]
[BlackElo "2368"]
[Annotator "TA"]
[PlyCount "96"]
[EventDate "2017.??.??"]
[EventType "swiss"]
[EventCountry "RUS"]
[SourceTitle "playchess.com"]
[Source "ChessBase"]
[SourceQuality "1"]

{[%evp 13,96,4,25,22,37,32,38,31,108,79,84,31,52,54,58,16,68,59,84,70,14,12,3,4,19,-1,0,-8,28,18,42,0,0,0,24,31,63,49,79,84,89,30,30,30,38,16,21,15,29,3,45,0,0,0,0,0,0,-41,-47,-65,-34,-35,0,0,0,0,0,0,0,0,0,0,0,0,0,0,0,0,0,0,0,0,0,0,0]} 1. e4 e5 2. Nf3 Nc6 3. Bb5 a6 4. Bxc6 dxc6 5. Nc3 Qd6 6. d4 exd4 7. Qxd4 Bg4 {LiveBook: 17 Games. C68: Ruy Lopez: Exchange Variation, sidelines} (7... Qxd4 8. Nxd4 Bd7 9. Be3 O-O-O 10. O-O-O Re8 11. a3 c5 12. Nde2 f5 13. Ng3 Nf6 14. exf5 Bc6 15. Rhg1 Bd6 {½-½ (39) Kritz,L (2598)-Yang,D (2493) Dallas 2014}) 8. Qe3 Qf6 9. Bd2 $146 ({Predecessor:} 9. h3 Bxf3 10. Qxf3 Qxf3 11. gxf3 O-O-O 12. Be3 Bb4 13. Ke2 Ne7 14. Rad1 Rd6 15. Rhg1 {0-1 (55) Hildenbrand,P (2201)-Duessel,U (2080) Leimen 2001}) 9... Bxf3 {White is slightly better.} 10. gxf3 {[%cal Bg2f3,Bf3f4,Bf4f5][%mdl 32]} Qe5 (10... O-O-O $14) 11. O-O-O Bc5 12. Qe2 (12. Qd3 $16) 12... O-O-O 13. f4 Qe6 14. Be3 (14. f5 $5 {[%cal Rf5e6]} Qe7 15. e5 $14) 14... Rxd1+ (14... Bxe3+ $11 15. Qxe3 Nf6) 15. Rxd1 $14 Bb4 16. f5 Qe7 ({Black should play} 16... Qe8 $14) 17. Qc4 Nf6 {[%cal Bg8f6,Bf6d7,Bd7b6][%mdl 32]} 18. f3 Nd7 19. Bf4 Nb6 20. Qb3 f6 21. Ne2 $36 {[%mdl 2048] White is pushing.} Bc5 22. Nd4 Bxd4 $1 23. Rxd4 c5 24. Rd1 c4 25. Qc3 Qc5 26. Be3 Qc6 27. Bxb6 (27. Rg1 $16) 27... Qxb6 $16 {[%mdl 4096] Endgame KQR-KQR} 28. Qd4 Qc6 29. Qa7 {[%cal Ra7a8] [#]} b5 30. Rd5 Re8 $1 31. Qd4 (31. Rc5 $5 {[%cal Rc5c6]} Qb7 32. Qxb7+ Kxb7 33. Rd5 $11) 31... g6 (31... Re5 $5) 32. Qc5 (32. a4 $5) 32... Qxc5 33. Rxc5 $11 {KR-KR} Kd7 34. Rd5+ Ke7 35. Kd2 c6 36. Rd4 gxf5 37. exf5 Rd8 38. Rxd8 {The position is equal.} Kxd8 {KP-KP} 39. Ke3 Ke7 40. c3 Kd6 41. Ke4 c5 42. f4 b4 43. cxb4 cxb4 {[#] Strongly threatening ...Kc5.} 44. Kd4 c3 $1 {[%cal Rc3b2]} 45. bxc3 bxc3 46. Kxc3 Kc5 47. a3 a5 48. Kb3 Kb5 {Precision: White = 60%, Black = 48%.} 1/2-1/2

[Event "Satka Autumn 2017"]
[Site "Satka"]
[Date "2017.09.14"]
[Round "3"]
[White "Makarenko, Alexandra"]
[Black "Mirzoeva, Elmira"]
[Result "1-0"]
[WhiteElo "2251"]
[BlackElo "2329"]
[Annotator "TA"]
[PlyCount "89"]
[EventDate "2017.??.??"]
[EventType "swiss"]
[EventCountry "RUS"]
[SourceTitle "playchess.com"]
[Source "ChessBase"]
[SourceQuality "1"]

{[%evp 17,89,0,14,0,21,0,10,-3,25,0,0,-2,84,25,31,25,81,85,76,35,74,47,51,43,26,37,45,27,30,40,7,42,0,-66,170,184,208,212,213,198,223,194,309,313,308,293,311,306,376,289,404,424,480,195,440,423,411,348,628,637,608,581,889,868,2497,2444,29988,29985,29983,29985,29983,5489,29984,29985]} 1. e4 c5 2. Nf3 Nc6 3. d4 cxd4 4. Nxd4 e5 5. Nb3 Nf6 6. Bc4 Be7 7. O-O O-O 8. Nc3 a6 9. Be3 d6 10. f3 {B90: Sicilian Najdorf: Unusual White 6th moves, 6 Be3 Ng4 and 6 Be3 e5} Be6 (10... b5 $5 {[%cal Rb5c4]} 11. Bd5 Qc7 $11) 11. Bd5 Rc8 12. Qd2 {The position is equal.} b5 $146 ({Find the theoretical novelty and annotate with similar games:} 12... Qc7 13. a3 Nb8 14. Rac1 Nbd7 15. Qf2 Bd8 {½-½ (43) Melnikov,D (2352)-Slizhevsky,A (2452) St Petersburg 2006}) 13. Rfd1 Qc7 14. Rac1 Bxd5 (14... Bd7 $11 {keeps the balance.}) 15. exd5 (15. Nxd5 $16 Nxd5 16. exd5 (16. Qxd5 Rfd8 $11)) 15... Nb8 $11 16. a4 Qd7 (16... Qc4 $11) 17. axb5 $16 axb5 18. Ra1 Rc7 19. Ra5 Rfc8 20. Rc1 ({Much weaker is} 20. Rxb5 Rxc3 21. Rxb8 Rxc2 $15) 20... Bd8 21. Ra8 Rb7 22. Na2 b4 23. Nxb4 Rxb4 24. Qxb4 {And now c4 would win.} Nxd5 25. Qd2 (25. Qe4 $11 Qc6 26. Rca1) 25... Nxe3 $2 (25... Qc6 $1 $15 {keeps the upper hand.} 26. Rxb8 Rxb8) 26. Qxe3 $18 Qc6 {[#]} 27. Qe4 $1 {[%cal Re4c6]} Qb6+ 28. Kf1 Qb5+ 29. Qe2 Qd5 (29... Qc6 $142) 30. Rca1 Bb6 {[#]} 31. c4 $1 Qe6 (31... Rxc4 32. Rxb8+) 32. Qe4 h5 33. Rd1 h4 34. Qd5 Qf5 35. Qd3 (35. Qb7 $142 Bc7 36. c5 dxc5 37. Nxc5) 35... Qg5 $2 (35... Qf4 {keeps fighting.}) 36. Qd2 Qf5 37. h3 Qg6 $2 (37... Rf8 38. Qxd6 Qc2) 38. Qxd6 Qc2 {[%csl Gb6][%cal Rc2f2]} 39. c5 $1 {[%cal Bc4c5,Bc5b6,Bb6b7][%mdl 32]} ({Weaker is} 39. Qxb6 Qxd1+ 40. Kf2 Kh7 $14) 39... Qxb3 40. cxb6 Qc4+ 41. Kg1 Na6 42. Rxc8+ Qxc8 43. Qd8+ Qxd8 44. Rxd8+ Kh7 45. b7 {Precision: White = 63%, Black = 33%.} 1-0

[Event "Satka Autumn 2017"]
[Site "Satka"]
[Date "2017.09.14"]
[Round "3"]
[White "Sazonova, Anastasia"]
[Black "Protopopova, Anastasiya"]
[Result "1/2-1/2"]
[WhiteElo "2155"]
[BlackElo "2152"]
[Annotator "TA"]
[PlyCount "81"]
[EventDate "2017.??.??"]
[EventType "swiss"]
[EventCountry "RUS"]
[SourceTitle "playchess.com"]
[Source "ChessBase"]
[SourceQuality "1"]

1. d4 {Program Activation Required} Nf6 2. c4 e6 3. Nf3 b6 4. g3 Ba6 5. Qa4 Bb7 6. Bg2 c5 7. dxc5 bxc5 8. O-O Be7 9. Nc3 O-O 10. Rd1 Qb6 11. Bf4 d6 12. Rab1 {E15: Damenindisch (Hauptfortsetzung, Abweichungen)} Nbd7 13. b4 Rfb8 14. Be3 (14. a3 h6 15. h3 a6 16. g4 Qc7 17. Qa5 Qxa5 18. bxa5 Ne8 19. Ne5 Nxe5 20. Bxb7 Nxc4 21. Bxa8 Rxa8 {½-½ (32) Navara,D (2730)-Tomashevsky,E (2728) Wijk aan Zee 2016}) 14... Bc6 15. Qc2 Ng4 16. bxc5 Nxe3 17. Rxb6 Nxc2 18. Rxc6 Nxc5 19. Nb5 Nb4 20. Rc7 $146 Bf8 21. a3 Nba6 22. Rxa7 Rxa7 23. Nxa7 Rb3 24. Nb5 d5 25. Nfd4 Rb2 26. Nc3 dxc4 27. Ndb5 Na4 28. Nxa4 Rxb5 29. Rc1 Bxa3 30. Rxc4 Rb1+ 31. Bf1 Bf8 32. Kg2 Rb4 33. e3 Rxc4 34. Bxc4 Nc5 35. Nxc5 Bxc5 36. Kf3 g6 37. h4 h5 38. Bb5 Kg7 39. Bc4 Kf6 40. Bb5 Bb4 41. Ke4 1/2-1/2

[Event "Satka Autumn 2017"]
[Site "Satka"]
[Date "2017.09.14"]
[Round "3"]
[White "Trapeznikova, Darya"]
[Black "Schepetkova, Margarita"]
[Result "0-1"]
[WhiteElo "2101"]
[BlackElo "2266"]
[Annotator "TA"]
[PlyCount "92"]
[EventDate "2017.??.??"]
[EventType "swiss"]
[EventCountry "RUS"]
[SourceTitle "playchess.com"]
[Source "ChessBase"]
[SourceQuality "1"]

{[%evp 18,92,6,-12,19,-7,5,-7,0,0,0,0,0,0,0,0,0,-6,0,-10,-2,-20,0,0,0,0,0,0,0,-81,-74,-68,-68,-74,-72,-83,-78,-100,-100,-99,-102,-101,-91,-91,-83,-89,-76,-82,-85,-72,-77,-96,-57,-46,-28,-32,-38,-37,-37,-387,-387,-386,-382,-318,-328,-379,-381,-542,-538,-589,-396,-10960,-29939,-29986,-2101,-29996,-29997]} 1. d4 Nf6 2. c4 e6 3. Nc3 Bb4 4. e3 O-O 5. Nge2 Re8 6. a3 Bf8 7. Ng3 d5 8. Be2 {E46: Nimzo-Indian: Rubinstein: 4 e3 0-0 5 Ne2 without early Bd3} b6 9. O-O (9. cxd5 exd5 10. b4 Bb7 11. O-O Nbd7 12. Qb3 c6 13. Bf3 a6 14. Rd1 b5 15. e4 Nb6 {0-1 (51) Gupta,A (2627)-Wei,Y (2725) Liaocheng 2017}) 9... Bb7 10. b4 {LiveBook: 10 Games. The position is equal.} c5 11. bxc5 (11. dxc5 {with more complications.} bxc5 12. cxd5 exd5 13. bxc5 Nbd7 14. a4) 11... bxc5 12. cxd5 $146 (12. Rb1 $5 {[%cal Rb1b7]} Bc6 13. cxd5 exd5 14. dxc5 $11) ({Predecessor:} 12. Rb1 Ba6 13. cxd5 Bxe2 14. Ngxe2 Nxd5 15. Bb2 Nxc3 16. Bxc3 Nd7 17. Qa4 cxd4 18. Nxd4 Nc5 19. Qc2 Rc8 20. Rfd1 Qh4 21. Be1 Qe4 22. Qxe4 {½-½ (22) Yang,D (2480)-Neimer,V (2379) Rockville 2013}) 12... cxd4 13. Qxd4 Nxd5 14. Nxd5 Qxd5 15. Qxd5 Bxd5 16. e4 Bc6 17. Be3 Nd7 18. Rac1 Ba4 19. Ba6 Nb6 20. Ne2 Red8 21. Rc3 Be8 22. g3 Na4 23. Rb3 (23. Rc7 $11 {keeps the balance.}) 23... Nc5 $17 24. Bxc5 Bxc5 25. Rc1 Bb6 26. Rbc3 Kf8 27. Nf4 Rd2 28. Nd3 Rd8 29. R1c2 Rd1+ 30. Kg2 Ba4 31. Re2 Ra1 {White must now prevent ...Bd1.} 32. Nb2 Be8 33. Nc4 Bc5 34. Rb3 Ba4 35. Rb7 Bd1 $36 {[%mdl 2048] Black has some pressure.} 36. Reb2 Bxa3 37. Nxa3 Rxa3 38. Rxa7 $2 {[%mdl 8192] [#]} ({White must play} 38. Be2 $15 Bxe2 39. Rxe2) 38... Bf3+ $19 39. Kh3 Bxe4 40. Rb4 Bf5+ 41. Kg2 g5 42. h3 (42. Rc4 $142 g4 43. h4) 42... Kg7 43. g4 Bd3 44. Rb6 $2 {[#]} (44. Bxd3 Rxa7 45. Rb3) 44... Be4+ 45. Kh2 Rd1 (45... Ra1 $142 46. Be2 Rxa7 47. Rb4 Bd5 48. Bc4 Bxc4 49. Rxc4 Rd2 50. Kg3 Raa2 51. h4 Rd3+ 52. Kg2 gxh4 53. g5 h3+ 54. Kg1 Rf3 55. Rh4 Kg6 56. Kh2 Raxf2+ 57. Kh1 Ra2 58. Rg4 Rff2 59. Rg3 Rh2+ 60. Kg1 Kh5 61. g6 hxg6 62. Rf3 Rag2+ 63. Kf1 Rh1#) 46. f3 Ra2+ {Precision: White = 43%, Black = 72%.} 0-1